Statistics for Tokyo Metro Hanzōmon Line - All Stations

Click here to take the quiz!

General Stats

  • This quiz has been taken 196 times
  • The average score is 8 of 14

Answer Stats

Station NumberStation% Correct
Z01Shibuya
98%
Z02Omotesando
84%
Z03Aoyama-itchome
74%
Z04Nagatacho
72%
Z08Otemachi
68%
Z05Hanzomon
67%
Z07Jimbocho
62%
Z06Kudanshita
60%
Z14Oshiage
47%
Z09Mitsukoshimae
39%
Z13Kinshicho
29%
Z10Suitengumae
25%
Z11Kiyosumi-Shirakawa
18%
Z12Sumiyoshi
14%

Score Distribution

Percentile by Number Answered

Percent of People with Each Score

Your Score History

You have not taken this quiz